[Event "Stay Safe Play From Home 355"]
[Site "Emanuel Lasker Arena"]
[Date "2020.08.04"]
[Round "1"]
[White "Nuktotitakoi"]
[Black "Padmaesh M K"]
[Result "1-0"]
[WhiteElo "2377"]
[BlackElo "1839"]
[Annotator "TA"]
[PlyCount "41"]
[EventDate "2020.08.04"]
[EventType "swiss (blitz)"]

{[%evp 9,41,60,139,133,173,174,641,638,708,685,872,745,713,572,563,556,556,532,631,595,674,150,147,145,331,335,340,329,318,309,597,602,698,695]} 1. d4 Nf6 2. Nf3 d5 3. c4 c6 4. Nc3 Bg4 5. Ne5 Bf5 (5... Bc8 $14) 6. cxd5 $16 {D15: Slav Defence: 4 Nc3 a6 and gambit lines after 4 Nc3 dxc4.} cxd5 7. e4 $1 {[%cal Re4f5] [#]} e6 $146 (7... Bc8 8. exd5 g6) ({Predecessor:} 7... Bc8 8. Nxd5 Nxd5 9. exd5 Qxd5 10. Be2 e6 11. O-O Be7 12. Bf3 Qd8 13. d5 O-O 14. Bf4 f6 15. Nc4 e5 16. d6 exf4 17. Re1 Bxd6 18. Nxd6 {1-0 (18) Berkes,F (2696)-Miskovic,I (2186) Jahorina 2012}) 8. Bb5+ $18 Nbd7 9. exf5 Bd6 10. fxe6 fxe6 11. Nxd7 Nxd7 12. Qg4 {[%mdl 64] [#] Double Attack} Qf6 13. Bg5 Qg6 14. Nxd5 h6 15. Nf4 $2 (15. Bd3 $18 {and White stays clearly on top.} Qf7 {[#]} 16. Be7 $1 {[%mdl 512]}) 15... Bxf4 $16 16. Qxf4 hxg5 $2 {Loses the game.} (16... Qxg5 $16 17. Qxg5 hxg5) 17. Qd6 $18 Qf7 18. O-O Qe7 19. Qc7 O-O $2 (19... Qd8 20. Qxb7 Rb8 21. Bxd7+ Ke7 22. Qxa7 Qxd7 23. Qc5+ Kf7 24. Qxg5 Qxd4) 20. Qxd7 Qxd7 21. Bxd7 {Accuracy: White = 91%, Black = 18%.} 1-0

[Event "Stay Safe Play From Home 355"]
[Site "Emanuel Lasker Arena"]
[Date "2020.08.04"]
[Round "1"]
[White "Rogan"]
[Black "Fischer_11"]
[Result "0-1"]
[WhiteElo "2258"]
[BlackElo "2100"]
[Annotator "NA RC"]
[PlyCount "70"]
[EventDate "2020.08.04"]
[EventType "swiss (blitz)"]

1. d4 {[%emt 0:00:10]} e5 {[%emt 0:00:01]} 2. c3 {[%emt 0:00:00]} exd4 {[%emt 0:00:01]} 3. cxd4 {[%emt 0:00:00]} Nf6 {[%emt 0:00:00]} 4. Nc3 {[%emt 0:00:00]} g6 {[%emt 0:00:00]} 5. Nf3 {[%emt 0:00:03]} Bg7 {[%emt 0:00:00]} 6. Bg5 {[%emt 0:00:01]} O-O {[%emt 0:00:00]} 7. Bxf6 {[%emt 0:00:00]} Bxf6 {[%emt 0:00:01]} 8. e3 {[%emt 0:00:00]} Bg7 {[%emt 0:00:00]} 9. Bd3 {[%emt 0:00:00]} c5 {[%emt 0:00:00]} 10. h4 {[%emt 0:00:00]} cxd4 {[%emt 0:00:00]} 11. Nxd4 {[%emt 0:00:01]} Nc6 {[%emt 0:00:00]} 12. Nxc6 {[%emt 0:00:02]} dxc6 {[%emt 0:00:00]} 13. h5 {[%emt 0:00:00]} Be6 {[%emt 0:00:02]} 14. hxg6 {[%emt 0:00:01]} hxg6 {[%emt 0:00:01]} 15. Qc2 {[%emt 0:00:00]} Qa5 {[%emt 0:00:04]} 16. Bxg6 {[%emt 0:00:10]} Bxc3+ {[%emt 0:00:01]} 17. bxc3 {[%emt 0:00:02]} f5 {[%emt 0:00:08]} 18. Qb2 {[%emt 0:00:11]} Qb6 {[%emt 0:00:05]} 19. Qxb6 {[%emt 0:00:04]} axb6 {[%emt 0:00:00]} 20. Rh7 {[%emt 0:00:02]} Rf6 {[%emt 0:00:02]} 21. Rxb7 {[%emt 0:00:05]} Rxg6 {[%emt 0:00:01]} 22. g3 {[%emt 0:00:00]} b5 {[%emt 0:00:02]} 23. Rd1 {[%emt 0:00:01]} Rg7 {[%emt 0:00:02]} 24. Rxg7+ {[%emt 0:00:02]} Kxg7 {[%emt 0:00:00]} 25. Rd6 {[%emt 0:00:00]} Kf7 {[%emt 0:00:01]} 26. Rxc6 {[%emt 0:00:01]} Rxa2 {[%emt 0:00:01]} 27. Rc7+ {[%emt 0:00:01]} Kf6 {[%emt 0:00:03]} 28. Rc5 {[%emt 0:00:00]} Bc4 {[%emt 0:00:01]} 29. Rc6+ {[%emt 0:00:01]} Ke5 {[%emt 0:00:01]} 30. f4+ {[%emt 0:00:00]} Ke4 {[%emt 0:00:01]} 31. Rc7 {[%emt 0:00:02]} Kxe3 {[%emt 0:00:01]} 32. Re7+ {[%emt 0:00:00]} Kf3 {[%emt 0:00:00]} 33. Kd1 {[%emt 0:00:00]} Kxg3 {[%emt 0:00:01]} 34. Kc1 {[%emt 0:00:00]} Kxf4 {[%emt 0:00:00] ' ' ' ' '} 35. Re2 {[%emt 0:00:00]} Rxe2 {[%emt 0:00:00] Time Time Time Time Time (Lag: Av=0.40s, max=0.6s) (Lag: Av=0.40s, max=0.6s) (Lag: Av=0.40s, max=0.6s) (Lag: Av=0.40s, max=0.6s) (Lag: Av=0.40s, max=0.6s)} 0-1

[Event "Stay Safe Play From Home 355"]
[Site "Emanuel Lasker Arena"]
[Date "2020.08.04"]
[Round "1"]
[White "SoulofWolf"]
[Black "Trotsky"]
[Result "1-0"]
[WhiteElo "2099"]
[BlackElo "1632"]
[Annotator "TA"]
[PlyCount "41"]
[EventDate "2020.08.04"]
[EventType "swiss (blitz)"]

{[%evp 9,41,-19,19,3,22,-10,34,29,204,217,217,204,226,199,202,211,778,670,664,590,802,825,843,854,1214,1082,1065,1031,2217,1839,29992,29993,29993,2507]} 1. e4 c5 2. Nc3 e6 3. f4 d5 4. exd5 exd5 5. Nf3 Be6 6. Bb5+ {B23: Closed Sicilian: Lines without g3.} Nc6 7. O-O {[#]} Nf6 $146 ({Predecessor:} 7... Be7 8. f5 Bd7 9. Nxd5 Bxf5 10. Bxc6+ bxc6 11. Nxe7 Nxe7 12. b3 O-O 13. Bb2 Bg4 14. Qe1 Bxf3 15. Rxf3 {1-0 (40) Jancarik,J (2004)-Zacek,Z (2122) Prague 2008}) 8. Ne5 {White is slightly better.} Bd6 $2 (8... Qc7 $11 {and Black is okay.}) 9. Nxc6 $18 bxc6 10. Bxc6+ {[%mdl 64] Double Attack} Bd7 11. Re1+ Kf8 12. Bxa8 Qc7 $2 (12... Qxa8 13. d3 Kg8) 13. Bxd5 Bxf4 14. d3 Bd6 15. h3 h5 16. Bg5 Ng4 {[#]} 17. Qf3 $1 {[%csl Gd5][%cal Rf3f7]} Bh2+ 18. Kf1 {[%csl Gd5][%cal Rf3f7]} Be6 19. Bxe6 f5 20. Qxf5+ Nf6 {[#]} 21. Bxf6 {White took control after the opening.} (21. Nd5 $142 $1 Qd8 22. Nxf6 gxf6 23. Bxf6 {[%mdl 64] Double Attack} Rh7 24. Bxd8+ {[%mdl 64] Discovered Attack} Ke8 25. Qxh7 Bd6 26. Bg5 Bh2 27. Qh8#) 1-0

[Event "Stay Safe Play From Home 355"]
[Site "Emanuel Lasker Arena"]
[Date "2020.08.04"]
[Round "1"]
[White "Stefanone"]
[Black "Broken sword"]
[Result "0-1"]
[WhiteElo "1970"]
[BlackElo "2406"]
[Annotator "TA"]
[PlyCount "142"]
[EventDate "2020.08.04"]
[EventType "swiss (blitz)"]

{[%evp 12,142,-4,-10,-1,-33,-29,-23,-6,-66,-22,-56,-17,-29,10,4,57,0,193,187,205,204,206,198,231,103,178,150,193,186,205,164,156,0,116,0,-21,-77,-60,-138,0,-25,-25,-25,-18,-25,-25,-62,0,0,0,0,0,0,0,0,0,-112,7,8,8,0,0,0,0,-17,0,0,281,0,209,0,0,0,0,0,0,0,0,-8,-8,-8,87,-8,0,0,0,-8,-8,-8,-8,-7986,-8520,-8739,-8651,-29975,-8352,-8238,-7986,-7986,-7979,-7872,-7843,-7073,-7001,-8373,-6601,-5067,-1507,-4132,-854,-691,-595,-1696,-1730,-6079,-5825,-11610,-3639,-29972,-29976,-29976,-29977,-29979,-12568,-9012,0,-7511,-7163,-6560,-4706,-6560,-4638]} 1. d4 c5 2. e3 cxd4 3. exd4 d5 4. Nf3 Nf6 5. b3 Nc6 6. Bb2 Bg4 7. Be2 e6 {D04: Colle System.} 8. Ne5 Bxe2 9. Qxe2 Bd6 {[#] Black has an edge.} 10. f4 $146 ({White should try} 10. O-O $11) ({Predecessor:} 10. Nd2 O-O 11. O-O Rc8 12. Rac1 Qa5 13. a3 b5 14. b4 Qb6 15. Nb3 Rfd8 16. Nc5 Bxe5 17. dxe5 {0-1 (70) Sondergaard,G-May,H Aarhus 1995}) 10... O-O 11. O-O Rc8 12. Nd2 Nb4 13. c4 Bb8 (13... b6 $11) 14. Ba3 (14. c5 $14) 14... Nc6 $2 (14... Bd6 $11 {and Black stays safe.}) 15. Bxf8 Qxf8 16. Nxc6 bxc6 17. c5 Qd8 18. Nf3 (18. b4 $18) 18... Ne4 (18... Bxf4 $16 19. g3 Bb8) 19. Ne5 Bxe5 20. fxe5 Qa5 21. Qf3 Rc7 22. h4 $2 (22. Qe3 $16) 22... h6 (22... Nd2 $11 {remains equal.} 23. Qf2 Nxf1 24. Rxf1 Qc3) 23. g4 (23. Qe2 $16) 23... Nd2 $11 24. Qf4 (24. Qd3 $11 Nxf1 25. Kxf1) 24... Nxf1 $17 25. Rxf1 {[%mdl 4096] Endgame KQR-KQR} Qc3 (25... Qxa2 $17 26. g5 h5) 26. g5 hxg5 27. hxg5 Qd3 28. Rf3 Qg6 29. Rh3 Kf8 (29... Qb1+ $15 30. Kf2 Qxa2+ 31. Ke1 Qb1+ 32. Kd2 Qb2+ 33. Ke1 Qa1+ 34. Ke2 Qb2+ 35. Ke1 Qa1+ 36. Ke2 Qb2+ 37. Ke1) 30. Rh8+ Ke7 31. Rb8 Qb1+ 32. Kg2 Qxa2+ 33. Kg3 {g6! would kill now.} Qb1 34. Qf3 (34. Qh4 $11 Qe1+ 35. Kg4 Qe4+ 36. Kg3) 34... Qf5 ({Better is} 34... Qg1+ $17 35. Kh3 Qxg5) 35. Qxf5 $11 exf5 {KR-KR} 36. Kf4 g6 37. Rg8 Rb7 {And now ...Rb4 would win.} 38. Ra8 Rxb3 39. Rxa7+ Kf8 $2 {[%mdl 8192]} (39... Ke6 $11) 40. Ra8+ $2 (40. e6 $1 $18) 40... Kg7 $2 {[#]} (40... Ke7 $11 {and Black is okay.}) 41. Rc8 $2 (41. e6 $1 $18 {[%cal Re6e7] Threatening mate with e7.} fxe6 42. Rc8) 41... Rd3 42. Rxc6 Rxd4+ 43. Ke3 Re4+ 44. Kd3 Rxe5 45. Rd6 f4 46. c6 {Hoping for c7.} Re7 {[#]} (46... f3 $11 {keeps the balance.}) 47. Rd7 (47. Kd4 $1 $16) 47... Re6 {White must now prevent ...f3.} 48. c7 Rc6 49. Ke2 Rc3 50. Rxd5 {aiming for Rd7.} Rxc7 {...Rc3 is the strong threat.} 51. Rd4 $2 {[%mdl 8192]} (51. Kf3 $11) 51... Rc5 $19 52. Rxf4 Rxg5 53. Kf3 Re5 (53... Rf5 $142 54. Rxf5 gxf5 55. Kf2 Kg6 56. Ke3 Kg5 57. Kd2 Kg4 58. Kd3 f4 59. Kc2 f3 60. Kd3 f2 61. Ke2 Kg3 62. Kf1 f5 63. Ke2 Kg2 64. Ke3 f1=Q 65. Kd4 Qb5 66. Kc3 Kf3 67. Kc2 Ke2 68. Kc3 Ke3 69. Kc2 Qb4 70. Kc1 Kd3 71. Kd1 Qd2#) 54. Kg4 Re6 55. Rb4 Rf6 56. Kg5 Rf5+ 57. Kg4 Kh6 58. Rb8 Rg5+ 59. Kf4 Rh5 (59... Ra5 $142 60. Rh8+ Kg7) 60. Kg4 Kg7 (60... Ra5 $142 61. Rh8+ Kg7) 61. Rb7 Ra5 62. Kf4 g5+ 63. Kf3 Kg6 64. Kg2 Ra3 (64... Ra2+ $142 65. Kf3 Ra3+ 66. Kf2 f5) 65. Kg1 Ra2 66. Rb6+ f6 67. Rb5 Ra1+ (67... f5 $142 68. Rb6+ Kh5 69. Rd6 f4 70. Kf1 f3 71. Rd3 Kg4 72. Rd5 Kf4 73. Ke1 g4 74. Rd7 g3 75. Rf7+ Kg4 76. Rg7+ Kh3 77. Rh7+ Kg2 78. Kd1 f2 79. Rf7 f1=Q+ 80. Rxf1 Kxf1 81. Kc1 g2 82. Kb1 Rf2 83. Ka1 g1=Q 84. Kb1 Kg2#) 68. Kf2 Ra2+ $2 ({Black should play} 68... f5 $19 69. Rb2 Ra3) 69. Ke3 $2 {[%mdl 8192]} (69. Kg1 $11 g4 70. Rb6) 69... Ra3+ {Black is clearly winning.} 70. Kd4 Ra4+ 71. Kc5 Rf4 {A wild game. Accuracy: White = 42%, Black = 50%.} 0-1

[Event "Stay Safe Play From Home 355"]
[Site "Emanuel Lasker Arena"]
[Date "2020.08.04"]
[Round "1"]
[White "Cirovicz"]
[Black "AChessPlayer"]
[Result "0-1"]
[WhiteElo "1835"]
[BlackElo "2439"]
[Annotator "TA"]
[PlyCount "42"]
[EventDate "2020.08.04"]
[EventType "swiss (blitz)"]

{[%evp 9,42,-71,13,-84,-25,-49,-49,-47,-35,-92,-91,-144,-160,-146,-112,-166,-168,-277,-134,-777,-771,-1327,-1287,-1727,-1628,-2079,-2075,-1917,-1766,-29992,-29993,-29993,-29994,-29994,-29995]} 1. e4 c6 2. Nf3 d5 3. exd5 cxd5 4. d3 Nc6 5. Nbd2 {[#]} d4 $146 (5... e5 $17) ({Predecessor:} 5... Bg4 6. h3 Bh5 7. g4 Bg6 8. d4 e6 9. Ne5 Nxd4 10. Bd3 Bxd3 11. cxd3 Qc7 {0-1 (38) Fedorov,A-Nevioselaya,M (1855) Varna 2009}) 6. b3 {B10: Caro-Kann: 2 d3 and 2 c4.} (6. g3 $11 {keeps the balance.}) 6... g6 (6... e5 $17) 7. Bb2 Bg7 8. Nc4 {Black is slightly better.} Nf6 9. Qd2 (9. a4 $15) 9... O-O $17 10. Nce5 (10. a4 $142) 10... Nxe5 11. Nxe5 Bf5 12. Nf3 {[#]} (12. Be2 $17) 12... e5 $1 $19 {[%mdl 512]} 13. O-O-O (13. Be2 {was necessary.}) (13. Nxe5 Re8) 13... Ng4 (13... Nd5 $19 {and Black stays clearly on top.} 14. Kb1 Rc8) 14. Re1 $2 {[%mdl 8192] This move loses the game for White.} (14. Kb1 $17) 14... Bh6 15. Re3 dxe3 16. fxe3 Bxe3 17. Qxe3 Nxe3 18. Nxe5 {[#]} Rc8 $1 19. h4 Rxc2+ {[%mdl 64] Double Attack. Black mates.} 20. Kb1 {[#]} Rxb2+ $1 {[%mdl 64] Remove Defender, Decoy} 21. Kxb2 Qd4+ {[%mdl 64] Double Attack. Accuracy: White = 14%, Black = 61%.} 0-1

[Event "Stay Safe Play From Home 355"]
[Site "Emanuel Lasker Arena"]
[Date "2020.08.04"]
[Round "1"]
[White "Ao017545"]
[Black "Lamborghini"]
[Result "0-1"]
[WhiteElo "1668"]
[BlackElo "2220"]
[Annotator "NA RC"]
[PlyCount "76"]
[EventDate "2020.08.04"]
[EventType "swiss (blitz)"]

1. e4 {[%emt 0:00:01]} c5 {[%emt 0:00:01]} 2. Nf3 {[%emt 0:00:01]} d6 {[%emt 0:00:00]} 3. Nc3 {[%emt 0:00:01]} Nf6 {[%emt 0:00:01]} 4. Bb5+ {[%emt 0:00:00]} Bd7 {[%emt 0:00:01]} 5. Bc4 {[%emt 0:00:00]} e6 {[%emt 0:00:01]} 6. e5 {[%emt 0:00:00]} dxe5 {[%emt 0:00:01]} 7. Nxe5 {[%emt 0:00:00]} Nc6 {[%emt 0:00:00]} 8. Nxd7 {[%emt 0:00:01]} Qxd7 {[%emt 0:00:01]} 9. O-O {[%emt 0:00:00]} g6 {[%emt 0:00:01]} 10. Bb5 {[%emt 0:00:00]} Bg7 {[%emt 0:00:01]} 11. Qf3 {[%emt 0:00:01]} Rc8 {[%emt 0:00:02]} 12. Ne4 {[%emt 0:00:01]} Nxe4 {[%emt 0:00:01]} 13. Qxe4 {[%emt 0:00:02]} O-O {[%emt 0:00:00]} 14. d3 {[%emt 0:00:00]} a6 {[%emt 0:00:01]} 15. Ba4 {[%emt 0:00:03]} b5 {[%emt 0:00:01]} 16. Bb3 {[%emt 0:00:00]} Nd4 {[%emt 0:00:00]} 17. c3 {[%emt 0:00:02]} Nxb3 {[%emt 0:00:01]} 18. axb3 {[%emt 0:00:01]} Rc6 {[%emt 0:00:00]} 19. Bf4 {[%emt 0:00:02]} Re8 {[%emt 0:00:02]} 20. Qf3 {[%emt 0:00:02]} e5 {[%emt 0:00:01]} 21. Bg3 {[%emt 0:00:02]} Rd6 {[%emt 0:00:01]} 22. Rfe1 {[%emt 0:00:02]} Rxd3 {[%emt 0:00:01]} 23. Qe4 {[%emt 0:00:06]} Rd6 {[%emt 0:00:02]} 24. Qc2 {[%emt 0:00:10]} f5 {[%emt 0:00:01]} 25. Qb1 {[%emt 0:00:00]} e4 {[%emt 0:00:01]} 26. Qa2 {[%emt 0:00:01]} Ree6 {[%emt 0:00:02]} 27. b4 {[%emt 0:00:00]} c4 {[%emt 0:00:01]} 28. f3 {[%emt 0:00:02]} exf3 {[%emt 0:00:02]} 29. gxf3 {[%emt 0:00:02]} Rxe1+ {[%emt 0:00:01]} 30. Rxe1 {[%emt 0:00:01]} h5 {[%emt 0:00:01]} 31. Qb1 {[%emt 0:00:00]} Kh7 {[%emt 0:00:01]} 32. Kg2 {[%emt 0:00:00]} Rd3 {[%emt 0:00:01]} 33. Be5 {[%emt 0:00:05]} Qd5 {[%emt 0:00:01]} 34. Bxg7 {[%emt 0:00:02]} Qxf3+ {[%emt 0:00:01]} 35. Kg1 {[%emt 0:00:02]} Qg4+ {[%emt 0:00:01]} 36. Kf2 {[%emt 0:00:01]} Rf3+ {[%emt 0:00:02]} 37. Ke2 {[%emt 0:00:01]} Qg2+ {[%emt 0:00:01]} 38. Kd1 {[%emt 0:00:00]} Rd3+ {[%emt 0:00:01] Zaman Zaman Zaman Zaman Zaman (Lag: Av=0.58s, max=0.9s) (Lag: Av=0.58s, max=0.9s) (Lag: Av=0.58s, max=0.9s) (Lag: Av=0.58s, max=0.9s) (Lag: Av=0.58s, max=0.9s)} 0-1

[Event "Stay Safe Play From Home 355"]
[Site "Emanuel Lasker Arena"]
[Date "2020.08.04"]
[Round "2"]
[White "NTBT_DHS"]
[Black "Stefanone"]
[Result "1-0"]
[WhiteElo "2545"]
[BlackElo "1967"]
[Annotator "TA"]
[PlyCount "69"]
[EventDate "2020.08.04"]
[EventType "swiss (blitz)"]

{[%evp 9,69,25,29,7,7,17,22,-28,-29,-28,14,1,46,43,56,14,35,12,36,19,22,6,52,49,62,58,79,70,82,28,40,0,0,0,30,31,30,0,37,6,34,15,71,66,83,85,110,101,137,146,130,134,186,144,350,365,376,342,29997,29998,29998,29999]} 1. e4 e6 2. Nf3 b6 3. Nc3 Bb7 4. d4 Nf6 5. e5 Nd5 6. Bd3 {B00: Queen's Fianchetto Defence, Nimzowitsch Defence.} Nxc3 7. bxc3 c5 {[#]} 8. Qe2 $146 {The position is equal.} ({Predecessor:} 8. Ng5 cxd4 9. O-O g6 10. cxd4 Be7 11. Qg4 Nc6 12. c3 d6 13. exd6 Qxd6 14. Bf4 {1-0 (23) Rantanen,Y (2288)-Kivimaki,K (1986) Jyvaskyla 2019}) 8... cxd4 9. cxd4 Nc6 10. O-O d5 11. c3 Be7 12. a4 Qd7 13. Bg5 h6 14. Bxe7 Qxe7 15. Rfb1 Qd7 16. Bb5 O-O 17. a5 Rac8 18. axb6 axb6 19. Qe3 ({White should play} 19. g4 $16) 19... Qc7 $11 20. Rc1 Na5 {[#] Strongly threatening ...Nb3.} 21. Nd2 Nc4 22. Bxc4 dxc4 23. f3 Rce8 24. Rcb1 Bd5 25. Rb4 Rb8 (25... Ra8 $11 {remains equal.} 26. Rab1 Rfb8) 26. Rab1 $16 Qc6 27. Ne4 $36 {[%mdl 2048] Keeping Black busy.} b5 28. Nd6 Rb6 29. Rxb5 Rxb5 30. Rxb5 Ra8 (30... Qa6 $16) 31. Qf4 Ra1+ $2 {[#] Black cannot hold the game after this.} (31... Rf8 $16 32. h4 Qa6) 32. Kf2 $18 Ra2+ 33. Kg3 g5 $2 (33... Qc7 $18 34. Rc5 Qd7 35. Nxf7 (35. Nxc4 Qb7 $18) 35... Qb7) 34. Qxf7+ Kh8 35. Rb8+ {Accuracy: White = 73%, Black = 50%.} 1-0

[Event "Stay Safe Play From Home 355"]
[Site "Emanuel Lasker Arena"]
[Date "2020.08.04"]
[Round "2"]
[White "Broken sword"]
[Black "SoulofWolf"]
[Result "0-1"]
[WhiteElo "2409"]
[BlackElo "2101"]
[Annotator "TA"]
[PlyCount "88"]
[EventDate "2020.08.04"]
[EventType "swiss (blitz)"]

{[%evp 10,87,0,0,23,14,58,59,112,73,76,84,151,21,46,55,243,65,380,385,447,441,437,441,375,106,118,105,101,10,8,-29,-35,-24,24,-159,-142,-167,-176,-436,-94,-99,-107,-115,-118,-162,-107,-193,-193,-167,-114,-114,-98,-96,-88,-100,-104,-808,-808,-971,-958,-808,-741,-1130,-1139,-1124,-1102,-1039,-954,-1106,-1072,-29997,-29998,-29999,-29999,-29999,-957,-820,0,-29999]} 1. e4 c5 2. Nf3 e6 3. d4 cxd4 4. Nxd4 Nc6 5. Nxc6 bxc6 6. Bd3 Bc5 {B44: Sicilian: Taimanov: 5 Nb5.} 7. Nd2 (7. O-O {is more complex.} d5 8. Qg4 Nf6 9. Qxg7 Rg8 10. Qh6) 7... Qb6 (7... d6 {is interesting.} 8. O-O Nf6 9. e5 dxe5 10. Qe2 Qc7) 8. O-O {[#]} d6 $146 ({Black should try} 8... d5 $14) ({Predecessor:} 8... a5 9. Qg4 Bd4 10. c3 Be5 11. Nc4 Qc7 12. Nxe5 Qxe5 13. Bf4 Qf6 14. e5 Nh6 15. exf6 Nxg4 16. fxg7 {1-0 (46) Rafael-Lulic,S Dos Hermanas 2004}) 9. Nc4 Qc7 10. Bf4 Ne7 (10... e5 $142) 11. a3 (11. e5 $16 d5 12. Nd6+ Kf8 13. Qh5) 11... Ng6 12. Bg3 {b4 is the strong threat.} a5 $2 {[#]} (12... e5 $14) 13. Qd2 $2 (13. b4 $1 $18 {[%cal Rb4c5][%mdl 512]} axb4 14. axb4 {[%mdl 64] Discovered Attack} Rxa1 15. Qxa1 Bxb4 16. Qxg7) 13... O-O $2 {[%mdl 8192]} ({Better is} 13... a4 $14) 14. b4 $18 axb4 15. axb4 {[%mdl 64] Discovered Attack} Rxa1 16. Rxa1 Bd4 17. c3 $2 (17. Bxd6 $18 {is the precise move to win.} Qxd6 18. Nxd6 Bxa1 19. f4) 17... Be5 $16 18. f4 Bf6 19. h3 (19. e5 $16 dxe5 20. fxe5 Bxe5 21. Nxe5 Nxe5 22. Qe3) 19... d5 $11 20. Ne3 dxe4 21. Bxe4 Rd8 22. Qf2 $2 (22. Qe1 $11) 22... Bxc3 $17 23. Rc1 {[#]} Bd4 $1 ({Resist} 23... Bxb4 24. f5 $17) 24. f5 $2 (24. Bxg6 {is a better defense.} hxg6 25. Qe1) 24... Ne5 $2 (24... Qb6 $19 {is more deadly.} 25. Rxc6 Qa7) 25. fxe6 Bxe6 26. Kh2 Qb6 27. Re1 Ng6 (27... Qxb4 $19 28. Qf4 Ng6 29. Bxg6 hxg6) 28. Bxg6 (28. Qf3 $17 {keeps fighting.}) 28... hxg6 $19 29. Qf3 Bxe3 (29... Qb5 $19 30. Nc2 Bf6) 30. Rxe3 $17 Bd5 31. Qf4 Rf8 32. Rc3 Qb5 33. Qd6 $2 {[%mdl 8192] [#]} (33. Re3 $17) 33... Qe2 $1 $19 {[%csl Gd5][%cal Re2g2]} 34. Bf2 Qxf2 {[%csl Gd5][%cal Rf2g2]} 35. Qg3 Qxg3+ 36. Kxg3 {[%mdl 4096] Endgame KRB-KR} Rb8 37. b5 Rxb5 38. Rc2 Kf8 39. Kf4 Ke7 40. Ke5 Rb4 {[%csl Ge7,Gg7][%cal Rf7f6]} 41. Re2 Kd7 {[%csl Gg7][%cal Rf7f6]} 42. g4 Bc4 (42... f6# $142) 43. Rd2+ Bd5 $2 (43... Ke7 $19 {( -> ...Bd3!)} 44. Kf4 Bf1+ 45. Kg3 Rb3+ 46. Kf4 Bxh3 47. Re2+ Kd6 48. Rd2+ Kc5) 44. g5 $2 {[%mdl 8192]} (44. Re2 $11 f6#) 44... Re4# {Accuracy: White = 30%, Black = 43%.} 0-1

[Event "Stay Safe Play From Home 355"]
[Site "Emanuel Lasker Arena"]
[Date "2020.08.04"]
[Round "2"]
[White "Nuktotitakoi"]
[Black "Greblha"]
[Result "1-0"]
[WhiteElo "2378"]
[BlackElo "1902"]
[Annotator "TA"]
[PlyCount "69"]
[EventDate "2020.08.04"]
[EventType "swiss (blitz)"]

{[%evp 9,69,0,4,2,39,38,45,45,52,36,74,66,107,114,137,150,124,116,160,162,160,160,166,162,155,145,162,162,157,136,195,170,177,175,204,187,230,231,233,232,268,256,280,279,401,410,342,325,667,668,793,793,964,864,3116,3112,5010,5010,29984,29985,29985,29978]} 1. d4 c6 2. Nf3 d5 3. c4 Nf6 4. Nc3 e6 5. g3 Bb4 6. Bg2 {E01: Catalan: Early deviations.} Ne4 7. Qc2 Qa5 {[%cal Re4c3]} 8. Bd2 $1 {White is slightly better.} Nxd2 9. Nxd2 Bxc3 10. bxc3 {[#]} dxc4 $146 ({Predecessor:} 10... Nd7 11. O-O Nf6 12. cxd5 exd5 13. e4 Nxe4 14. Nxe4 dxe4 15. Qxe4+ Be6 16. Bh3 Qd5 {½-½ (43) Bo,M (1432)-Yilmaz,K (1594) Fornebu 2016}) 11. Nxc4 Qd8 12. O-O O-O 13. e4 Nd7 14. e5 Nb6 15. Nd6 Nd5 16. c4 {[%cal Bc3c4,Bc4c5,Bc5d6][%mdl 32]} Ne7 17. Rfd1 Qd7 18. Rab1 b6 19. Qa4 Bb7 (19... Qc7 $16 {keeps fighting.} 20. Qa3 Bd7) 20. c5 b5 21. Qa5 Nc8 22. a4 Nxd6 23. cxd6 ({Resist} 23. exd6 a6) 23... a6 24. Rdc1 Rfc8 25. Rc5 f6 26. Rbc1 f5 (26... fxe5 $142 27. dxe5 g6) 27. Qb6 $18 bxa4 28. Qa5 Ra7 $2 {[#]} (28... f4 29. Qxa4 Qf7) 29. Qxa4 a5 30. Bxc6 Bxc6 31. Rxc6 Rxc6 32. Qxc6 Qxc6 33. Rxc6 a4 34. Rc8+ Kf7 35. Rc7+ {[%mdl 64] Double Attack. Accuracy: White = 100%, Black = 37%.} 1-0